Amtrak Sunset Limited Stations Quiz Stats

 Plays Quiz not verified by Sporcle

Score 0/22 Timer 08:00
0 Plays Today
State Town % Correct
LouisianaNew Orleans
97.5%
TexasHouston
96.7%
CaliforniaLos Angeles
95.9%
TexasEl Paso
94.3%
ArizonaTucson
93.4%
TexasSan Antonio
92.6%
ArizonaYuma
81.1%
TexasBeaumont
73.8%
CaliforniaPalm Springs
73%
LouisianaLake Charles
70.5%
LouisianaLafayette
68.9%
State Town % Correct
CaliforniaPomona
63.9%
TexasDel Rio
62.3%
New MexicoDeming
61.5%
New MexicoLordsburg
61.5%
ArizonaMaricopa
61.5%
CaliforniaOntario
59.8%
LouisianaNew Iberia
58.2%
ArizonaBenson
58.2%
TexasAlpine
55.7%
TexasSanderson
52.5%
LouisianaSchriever
40.2%

You're not logged in!

Compare scores with friends on all Sporcle quizzes.
OR
Log In

Show Comments

Extras

Top Quizzes Today


Score Distribution

Your Account Isn't Verified!

In order to create a playlist on Sporcle, you need to verify the email address you used during registration. Go to your Sporcle Settings to finish the process.

Report this User

Report this user for behavior that violates our Community Guidelines.

Details: